[Event "Titled Tuesday intern op 28th Feb Early"]
[Site "Chess.com INT"]
[Date "2023.02.28"]
[Round "6"]
[White "Michalski, Olaf"]
[Black "Schroeder, Jan Christian"]
[Result "0-1"]
[WhiteElo "2273"]
[BlackElo "2559"]
[PlyCount "68"]
[EventDate "2023.02.28"]
[EventType "swiss (blitz)"]
[EventRounds "11"]
[EventCountry "USA"]
[SourceTitle "CBM 213 Extra"]
[Source "ChessBase"]
[SourceDate "2023.05.31"]
[SourceVersion "1"]
[SourceVersionDate "2023.05.31"]
[SourceQuality "1"]

1. d4 Nf6 2. c4 e6 3. Nf3 c5 4. d5 exd5 5. cxd5 d6 6. Nc3 g6 7. Nd2 Bg7 8. Nc4 0-0 9. Bf4 Ne8 10. g3 b6 11. a4 Ba6 12. Nb5 Bxb5 13. axb5 Nd7 14. Bg2 g5 15. Bd2 Ne5 16. Nxe5 Bxe5 17. Bc3 Qf6 18. Ra3 Ng7 19. 0-0 Rfe8 20. e3 Re7 21. Qd3 h5 22. Rfa1 h4 23. Ra6 Bxc3 24. Qxc3 Qf5 25. Rxb6 h3 26. Bh1 axb6 27. Rxa8+ Kh7 28. e4 Qg6 29. Ra6 f5 30. Rxb6 fxe4 31. Rc6 e3 32. fxe3 Qb1+ 33. Kf2 Rf7+ 34. Bf3 Qe4 0-1

[Event "Titled Tuesday intern op 07th Feb Late"]
[Site "Chess.com INT"]
[Date "2023.02.07"]
[Round "3"]
[White "Harish, Neeraj"]
[Black "Schroeder, Jan Christian"]
[Result "1-0"]
[WhiteElo "1981"]
[BlackElo "2559"]
[PlyCount "115"]
[EventDate "2023.02.07"]
[EventType "swiss (blitz)"]
[EventRounds "11"]
[EventCountry "USA"]
[SourceTitle "EXT 2024"]
[Source "ChessBase"]
[SourceDate "2023.10.10"]
[SourceVersion "1"]
[SourceVersionDate "2023.10.10"]
[SourceQuality "1"]

1. e4 c5 2. Nf3 d6 3. d4 cxd4 4. Nxd4 Nf6 5. Nc3 a6 6. Be3 e5 7. Nb3 Be7 8. f3 h5 9. Qd2 Be6 10. Nd5 Nxd5 11. exd5 Bf5 12. Be2 Nd7 13. Na5 Qc7 14. c4 Bh4+ 15. g3 Bf6 16. 0-0 0-0 17. Rac1 Rfe8 18. b4 e4 19. f4 g6 20. c5 Nf8 21. Nc4 dxc5 22. bxc5 Rad8 23. d6 Qb8 24. Nb6 Ne6 25. Rfd1 Bg7 26. Qb4 Bg4 27. Bxg4 hxg4 28. Nd5 Kh8 29. Nb6 Bf6 30. d7 Rf8 31. c6 bxc6 32. Rxc6 Bg7 33. Bc5 Nxc5 34. Qxc5 Qb7 35. Rc8 Qb8 36. Rxb8 Rxb8 37. Qc7 Rbd8 38. Nc4 Bf6 39. Kg2 Kg7 40. Ne5 Rb8 41. Nc6 Rb2+ 42. Kg1 Rc2 43. d8Q Bxd8 44. Rxd8 Rxd8 45. Qxd8 Rxc6 46. Qd4+ Kh7 47. Qxe4 Re6 48. Qd4 Kg8 49. Qc4 Kg7 50. a4 Kg8 51. Kg2 Kg7 52. h3 gxh3+ 53. Kxh3 Kg8 54. Qc8+ Kg7 55. a5 Kf6 56. Qd8+ Kg7 57. Kg4 Rf6 58. Qd4 1-0

[Event "Titled Tuesday intern op 07th Feb Late"]
[Site "Chess.com INT"]
[Date "2023.02.07"]
[Round "11"]
[White "Veiga, Jose Francisco RP"]
[Black "Schroeder, Jan Christian"]
[Result "0-1"]
[WhiteElo "2398"]
[BlackElo "2559"]
[PlyCount "60"]
[EventDate "2023.02.07"]
[EventType "swiss (blitz)"]
[EventRounds "11"]
[EventCountry "USA"]
[SourceTitle "EXT 2024"]
[Source "ChessBase"]
[SourceDate "2023.10.10"]
[SourceVersion "1"]
[SourceVersionDate "2023.10.10"]
[SourceQuality "1"]

1. b3 c5 2. Bb2 b6 3. e4 Bb7 4. Nc3 Nc6 5. g3 Nf6 6. Bg2 d6 7. Nge2 e6 8. 0-0 g6 9. d4 cxd4 10. Nxd4 Nxd4 11. Qxd4 Bg7 12. Rad1 0-0 13. Rd3 Rc8 14. Qxd6 Qxd6 15. Rxd6 Nxe4 16. Nxe4 Bxb2 17. c4 Rc7 18. Rfd1 Bc8 19. Rd8 Ba3 20. Rxf8+ Bxf8 21. Rd8 Kg7 22. h4 Be7 23. Rd2 h6 24. Kf1 a6 25. Ke2 Bb7 26. Bf3 g5 27. hxg5 hxg5 28. Nd6 Bxf3+ 29. Kxf3 Rc6 30. Ne8+ Kf8 0-1

[Event "Bundesliga 2223"]
[Site "Germany"]
[Date "2023.02.04"]
[Round "5.6"]
[White "Ivic, Velimir"]
[Black "Schroeder, Jan Christian"]
[Result "1-0"]
[WhiteElo "2553"]
[BlackElo "2544"]
[PlyCount "81"]
[EventDate "2022.10.21"]
[EventType "team-tourn"]
[EventRounds "15"]
[EventCountry "GER"]
[SourceTitle "CBM 212 Extra"]
[Source "ChessBase"]
[SourceDate "2023.03.31"]
[SourceVersion "1"]
[SourceVersionDate "2023.03.31"]
[SourceQuality "1"]
[WhiteTeam "Kirchweyhe"]
[BlackTeam "Berlin SF"]
[WhiteTeamCountry "GER"]
[BlackTeamCountry "GER"]

1. d4 d5 2. c4 e6 3. Nf3 c5 4. cxd5 exd5 5. g3 Nc6 6. Bg2 Nf6 7. 0-0 Be7 8. Nc3 0-0 9. Bg5 c4 10. Ne5 Be6 11. e3 Nd7 12. Nxc6 bxc6 13. Bxe7 Qxe7 14. b3 Nb6 15. Qc2 Qd7 16. Rfe1 Rfe8 17. Rac1 Bf5 18. Qb2 a5 19. Qa3 a4 20. Qc5 Rab8 21. bxa4 Qe6 22. e4 Nd7 23. Qa3 Bh3 24. Bh1 Nf6 25. a5 Ra8 26. Re2 dxe4 27. Nxe4 Nxe4 28. Rxe4 Qf5 29. Rce1 Rxe4 30. Bxe4 Qf6 31. Qc5 g6 32. Bg2 Bxg2 33. Kxg2 Qd8 34. Re5 Qc7 35. a6 Qd8 36. Qxc4 Ra7 37. Rc5 Qe8 38. Rxc6 Qe4+ 39. f3 Qe1 40. d5 Qd2+ 41. Kh3 1-0

[Event "Bayern-chI Bank Hofmann 25th"]
[Site "Tegernsee"]
[Date "2022.11.05"]
[Round "1"]
[White "Gschwendtner, Klaus"]
[Black "Schroeder, Jan Christian"]
[Result "0-1"]
[WhiteElo "2103"]
[BlackElo "2553"]
[PlyCount "76"]
[EventDate "2022.11.05"]
[EventType "swiss"]
[EventRounds "9"]
[EventCountry "GER"]
[SourceTitle "CBM 211 Extra"]
[Source "ChessBase"]
[SourceDate "2023.01.31"]
[SourceVersion "1"]
[SourceVersionDate "2023.01.31"]
[SourceQuality "1"]

1. e4 e5 2. Nf3 Nc6 3. Bb5 a6 4. Ba4 Nf6 5. d3 Bc5 6. Nc3 d6 7. a3 Be6 8. h3 0-0 9. 0-0 Nd4 10. Nxd4 Bxd4 11. Ne2 Ba7 12. c3 d5 13. Ng3 Nd7 14. Bc2 c6 15. Qf3 a5 16. Be3 d4 17. cxd4 Bxd4 18. Bxd4 exd4 19. Qe2 a4 20. f4 f6 21. Rae1 Ra5 22. Nf5 Nc5 23. Qf2 Bxf5 24. exf5 Qd7 25. g4 Raa8 26. Re2 Rfe8 27. Rfe1 Kf8 28. Rxe8+ Rxe8 29. Rxe8+ Kxe8 30. Qe2+ Qe7 31. Kf2 Qxe2+ 32. Kxe2 Ke7 33. Kd2 b5 34. Bd1 Kd6 35. Bf3 Nd7 36. Bd1 Nb6 37. Bf3 Nd5 38. Bxd5 Kxd5 0-1

[Event "Bundesliga 2223"]
[Site "Germany"]
[Date "2022.10.22"]
[Round "1.1"]
[White "Schroeder, Jan Christian"]
[Black "Maghsoodloo, Parham"]
[Result "1-0"]
[WhiteElo "2544"]
[BlackElo "2721"]
[PlyCount "99"]
[EventDate "2022.10.21"]
[EventType "team-tourn"]
[EventRounds "15"]
[EventCountry "GER"]
[SourceTitle "CBM 211"]
[Source "ChessBase"]
[SourceDate "2022.12.31"]
[SourceVersion "1"]
[SourceVersionDate "2022.12.31"]
[SourceQuality "1"]
[WhiteTeam "Berlin SF"]
[BlackTeam "Bayern Muenchen"]
[WhiteTeamCountry "GER"]
[BlackTeamCountry "GER"]

1. e4 c5 2. Nf3 d6 3. d4 cxd4 4. Nxd4 Nf6 5. Nc3 a6 6. Bc4 Bd7 7. f3 Nc6 8. g4 h6 9. Be3 Na5 10. Be2 e6 11. Qd2 Qc7 12. h4 Nc4 13. Bxc4 Qxc4 14. 0-0-0 b5 15. Kb1 g6 16. g5 hxg5 17. Bxg5 Nh5 18. Rhe1 f6 19. Be3 b4 20. Nce2 e5 21. Nb3 Be6 22. Nec1 a5 23. Nd3 Be7 24. Qg2 Bf7 25. f4 Rc8 26. Nbc1 0-0 27. Rg1 Kh7 28. Rdf1 Rg8 29. Rf2 Be8 30. b3 Qc6 31. Rd2 Rg7 32. Ne2 Qb7 33. Nf2 Bc6 34. Qf3 Be8 35. Ng3 exf4 36. Bxf4 Rc3 37. Be3 Nxg3 38. Rxg3 Qc8 39. Nd3 Bc6 40. Qf4 g5 41. hxg5 fxg5 42. Bd4 Qe6 43. Qf5+ Qxf5 44. exf5 Bf8 45. Bxg7 Kxg7 46. Rxg5+ Kf6 47. Rg4 Bf3 48. Rg6+ Kxf5 49. Rg3 Ke4 50. Rxf3 1-0

[Event "Kavala op 31st"]
[Site "Kavala"]
[Date "2022.08.01"]
[Round "8"]
[White "Pijpers, Arthur"]
[Black "Schroeder, Jan Christian"]
[Result "1-0"]
[WhiteElo "2458"]
[BlackElo "2563"]
[PlyCount "65"]
[EventDate "2022.07.26"]
[EventType "swiss"]
[EventRounds "9"]
[EventCountry "GRE"]
[SourceTitle "CBM 209 Extra"]
[Source "ChessBase"]
[SourceDate "2022.09.30"]
[SourceVersion "1"]
[SourceVersionDate "2022.09.30"]
[SourceQuality "1"]

1. e4 e5 2. Nf3 Nc6 3. Bb5 a6 4. Ba4 Nf6 5. 0-0 Be7 6. Re1 b5 7. Bb3 d6 8. c3 0-0 9. h3 Bb7 10. a4 Re8 11. d3 Na5 12. Ba2 c5 13. Na3 Bc6 14. b4 Nb7 15. axb5 axb5 16. Bxf7+ Kxf7 17. Qb3+ c4 18. dxc4 Bxe4 19. Ng5+ Kg8 20. Nxe4 Nxe4 21. Rxe4 Bf6 22. c5+ d5 23. c6 Nd6 24. Qxd5+ Kh8 25. Re1 e4 26. Nxb5 Nxb5 27. Rxa8 Qxa8 28. Qxb5 Bxc3 29. Rd1 Be5 30. Be3 h6 31. Qc5 Qa4 32. Rc1 Bb2 33. Rb1 1-0

[Event "Bundesliga 2122"]
[Site "Germany"]
[Date "2022.07.09"]
[Round "13.4"]
[White "Schroeder, Jan Christian"]
[Black "Bruedigam, Martin"]
[Result "1-0"]
[WhiteElo "2564"]
[BlackElo "2386"]
[PlyCount "123"]
[EventDate "2022.03.05"]
[EventType "team-tourn"]
[EventRounds "15"]
[EventCountry "GER"]
[SourceTitle "CBM 209 Extra"]
[Source "ChessBase"]
[SourceDate "2022.09.30"]
[SourceVersion "1"]
[SourceVersionDate "2022.09.30"]
[SourceQuality "1"]
[WhiteTeam "Berlin SF"]
[BlackTeam "Koenig Tegel"]
[WhiteTeamCountry "GER"]
[BlackTeamCountry "GER"]

1. d4 Nf6 2. c4 e6 3. Nc3 d5 4. cxd5 exd5 5. Bg5 c6 6. e3 h6 7. Bh4 Bf5 8. Qf3 Bh7 9. Bxf6 Qxf6 10. Qxf6 gxf6 11. Nf3 Nd7 12. Nh4 Rg8 13. 0-0-0 Be7 14. g3 f5 15. Ng2 Nf6 16. f3 Kd7 17. Bd3 Ne8 18. Nf4 Nd6 19. Kd2 Bg5 20. Rhg1 Bxf4 21. exf4 Bg6 22. b4 a6 23. a4 a5 24. b5 f6 25. Rb1 Bh5 26. Ke3 Bf7 27. Rgc1 Be6 28. Nd1 Rgc8 29. Rc5 b6 30. Rxc6 Rxc6 31. bxc6+ Kxc6 32. Nc3 Rc8 33. Kd2 Rb8 34. Nd1 Nc8 35. Rc1+ Kd6 36. Nc3 Na7 37. Rb1 Bd7 38. Bc2 Be6 39. Re1 Bd7 40. Bd3 Be6 41. g4 fxg4 42. fxg4 Nc6 43. Nb5+ Kd7 44. h3 Ne7 45. Nc7 Bf7 46. Bb5+ Kd6 47. f5 h5 48. Ne8+ Rxe8 49. Bxe8 Bxe8 50. Re6+ Kd7 51. Rxf6 hxg4 52. hxg4 Nc8 53. g5 Ke7 54. Re6+ Kf8 55. g6 Bd7 56. Rf6+ Kg8 57. Ke3 Bxa4 58. Kf4 Be8 59. Re6 Bd7 60. Re5 a4 61. f6 b5 62. Rxd5 1-0

[Event "Bundesliga 2122"]
[Site "Germany"]
[Date "2022.07.09"]
[Round "14.3"]
[White "Schroeder, Jan Christian"]
[Black "Fressinet, Laurent"]
[Result "0-1"]
[WhiteElo "2564"]
[BlackElo "2630"]
[PlyCount "76"]
[EventDate "2022.03.05"]
[EventType "team-tourn"]
[EventRounds "15"]
[EventCountry "GER"]
[SourceTitle "CBM 209 Extra"]
[Source "ChessBase"]
[SourceDate "2022.09.30"]
[SourceVersion "1"]
[SourceVersionDate "2022.09.30"]
[SourceQuality "1"]
[WhiteTeam "Berlin SF"]
[BlackTeam "Werder Bremen"]
[WhiteTeamCountry "GER"]
[BlackTeamCountry "GER"]

1. e4 e5 2. Nf3 Nc6 3. Bb5 Nf6 4. d3 Bc5 5. Bxc6 dxc6 6. Nbd2 Be6 7. 0-0 Nd7 8. Nb3 Be7 9. Na5 Qc8 10. d4 Bg4 11. c3 0-0 12. Nc4 exd4 13. cxd4 Re8 14. Qd3 Nb6 15. Nfe5 Be6 16. b3 f6 17. Nxb6 axb6 18. Nc4 Bf8 19. Bb2 Bf7 20. f4 Qd7 21. f5 b5 22. Ne3 c5 23. d5 Ra6 24. a3 c6 25. Rad1 cxd5 26. Nxd5 Bxd5 27. exd5 Rc8 28. Rf4 Rd6 29. b4 Rd8 30. bxc5 Rxd5 31. Qxd5+ Qxd5 32. Rxd5 Rxd5 33. Kf1 Bxc5 34. Ke2 Bd6 35. Rd4 Rxd4 36. Bxd4 Bxh2 37. Kd3 Bd6 38. Bb2 Kf7 0-1

[Event "Bundesliga 2122"]
[Site "Germany"]
[Date "2022.05.28"]
[Round "9.2"]
[White "Banusz, Tamas"]
[Black "Schroeder, Jan Christian"]
[Result "1-0"]
[WhiteElo "2600"]
[BlackElo "2564"]
[PlyCount "87"]
[EventDate "2022.03.05"]
[EventType "team-tourn"]
[EventRounds "15"]
[EventCountry "GER"]
[SourceTitle "EXT 2023"]
[Source "ChessBase"]
[SourceDate "2022.10.05"]
[SourceVersion "1"]
[SourceVersionDate "2022.10.05"]
[SourceQuality "1"]
[WhiteTeam "Duesseldorf"]
[BlackTeam "Berlin SF"]
[WhiteTeamCountry "GER"]
[BlackTeamCountry "GER"]

1. Nf3 Nf6 2. d4 g6 3. g3 Bg7 4. Bg2 0-0 5. c4 d6 6. Nc3 c5 7. 0-0 Nc6 8. dxc5 dxc5 9. Be3 Be6 10. Qa4 Nd4 11. Rad1 Bd7 12. Qa3 Nc2 13. Qxc5 b6 14. Qg5 h6 15. Qf4 g5 16. Qe5 Rc8 17. Nd5 Nxd5 18. Qxd5 Bc6 19. Qxd8 Rfxd8 20. b3 e6 21. g4 f5 22. h3 Be4 23. gxf5 exf5 24. Nh2 Kf7 25. Bc1 Nd4 26. Rd2 a6 27. Bxe4 fxe4 28. Kg2 Ne6 29. Rxd8 Rxd8 30. f3 b5 31. fxe4+ Kg6 32. Be3 bxc4 33. bxc4 Rb8 34. Rd1 Rb4 35. Rc1 Rb2 36. Kf2 Rxa2 37. Nf3 Ra3 38. e5 Kf5 39. c5 Rb3 40. c6 Rb8 41. c7 Rc8 42. Bb6 Bxe5 43. e4+ Kf6 44. Rc6 1-0

[Event "Bundesliga 2122"]
[Site "Germany"]
[Date "2022.04.30"]
[Round "5.5"]
[White "Schroeder, Jan Christian"]
[Black "Donchenko, Alexander"]
[Result "0-1"]
[WhiteElo "2564"]
[BlackElo "2636"]
[PlyCount "72"]
[EventDate "2022.03.05"]
[EventType "team-tourn"]
[EventRounds "15"]
[EventCountry "GER"]
[SourceTitle "EXT 2023"]
[Source "ChessBase"]
[SourceDate "2022.10.05"]
[SourceVersion "1"]
[SourceVersionDate "2022.10.05"]
[SourceQuality "1"]
[WhiteTeam "Berlin SF"]
[BlackTeam "Baden-Baden"]
[WhiteTeamCountry "GER"]
[BlackTeamCountry "GER"]

1. e4 c5 2. Nf3 d6 3. d4 cxd4 4. Nxd4 Nf6 5. Nc3 a6 6. g3 e5 7. Nde2 Be7 8. Bg2 0-0 9. 0-0 b5 10. Nd5 Nbd7 11. Nec3 Nxd5 12. Nxd5 Nf6 13. Ne3 Be6 14. Qd3 Qd7 15. b3 g6 16. Bd2 a5 17. Rfc1 Rfb8 18. a4 b4 19. c3 bxc3 20. Rxc3 Qa7 21. Nc4 Nd7 22. Be3 Nc5 23. Qc2 Rc8 24. Rd1 Rc6 25. Bf1 Rac8 26. Nd2 Qb7 27. Bc4 Nxb3 28. Rxb3 Qc7 29. Rc1 Bxc4 30. Nxc4 Rxc4 31. Qxc4 Qxc4 32. Rxc4 Rxc4 33. Bh6 f6 34. f3 Kf7 35. Bd2 Rxa4 36. Kf2 f5 0-1

[Event "Bundesliga 1920"]
[Site "Germany"]
[Date "2021.10.15"]
[Round "12.2"]
[White "Ponomariov, Ruslan"]
[Black "Schroeder, Jan Christian"]
[Result "1/2-1/2"]
[WhiteElo "2648"]
[BlackElo "2568"]
[PlyCount "77"]
[EventDate "2019.11.23"]
[EventType "team-tourn"]
[EventRounds "15"]
[EventCountry "GER"]
[SourceTitle "EXT 2022"]
[Source "ChessBase"]
[SourceDate "2021.10.06"]
[SourceVersion "1"]
[SourceVersionDate "2021.10.06"]
[SourceQuality "1"]
[WhiteTeam "Hockenheim"]
[BlackTeam "Berlin SF"]
[WhiteTeamCountry "GER"]
[BlackTeamCountry "GER"]

1. e4 e5 2. Nf3 Nc6 3. d4 exd4 4. Nxd4 Nf6 5. Nxc6 bxc6 6. e5 Qe7 7. Qe2 Nd5 8. h4 Qe6 9. Nd2 Be7 10. g3 0-0 11. Nf3 d6 12. Nd4 Qd7 13. Bh3 Qe8 14. Bxc8 Rxc8 15. Nf5 Kh8 16. c4 Nb6 17. Bg5 Bxg5 18. hxg5 Qxe5 19. Qxe5 dxe5 20. Ke2 Rce8 21. Rh4 Na4 22. b3 Nc5 23. Rah1 h6 24. gxh6 g6 25. Ne3 f5 26. h7 Kg7 27. Nc2 Rh8 28. Nb4 Re6 29. Nd3 Nd7 30. g4 fxg4 31. Rxg4 Rxh7 32. Rxh7+ Kxh7 33. Ke3 Kg7 34. f3 a5 35. Rg2 Re8 36. Rd2 Kf6 37. Rh2 Kg7 38. Rd2 Kf6 39. Rh2 1/2-1/2